Accounting for special transaction (Advanced Accounting) / (Record no. 2110)

MARC details
000 -LEADER
fixed length control field 00742nam a22002177a 4500
003 - CONTROL NUMBER IDENTIFIER
control field OSt
005 - DATE AND TIME OF LATEST TRANSACTION
control field 20250807034924.0
008 - FIXED-LENGTH DATA ELEMENTS--GENERAL INFORMATION
fixed length control field 240708b |||||||| |||| 00| 0 eng d
020 ## - INTERNATIONAL STANDARD BOOK NUMBER
International Standard Book Number 9786218029125
040 ## - CATALOGING SOURCE
Original cataloging agency DWCL-Main lib.
Transcribing agency OC
082 ## - DEWEY DECIMAL CLASSIFICATION NUMBER
Classification number Fil. 657.838 M656a 2018
100 ## - MAIN ENTRY--PERSONAL NAME
Personal name Millan , Zeus Vernon B
245 ## - TITLE STATEMENT
Title Accounting for special transaction (Advanced Accounting) /
Statement of responsibility, etc. Zeus Vernon B. Millan
250 ## - EDITION STATEMENT
Edition statement 2018 edition
260 ## - PUBLICATION, DISTRIBUTION, ETC.
Place of publication, distribution, etc. Baguio City , Philippines :
Name of publisher, distributor, etc. Bandolin Enterprises ,
Date of publication, distribution, etc. c2018.
300 ## - PHYSICAL DESCRIPTION
Extent xxi , 764 pages :
Other physical details illustrations ;
Dimensions 22cm.
504 ## - BIBLIOGRAPHY, ETC. NOTE
Bibliography, etc. note Includes bibliographical references.
650 ## - SUBJECT ADDED ENTRY--TOPICAL TERM
Topical term or geographic name entry element 1. Accounting
650 ## - SUBJECT ADDED ENTRY--TOPICAL TERM
Topical term or geographic name entry element 2. Transportation– Accounting
942 ## - ADDED ENTRY ELEMENTS (KOHA)
Source of classification or shelving scheme Dewey Decimal Classification
Koha item type Book-Filipiniana
Suppress in OPAC No
Call number prefix Fil.
952 ## - LOCATION AND ITEM INFORMATION (KOHA)
--
952 ## - LOCATION AND ITEM INFORMATION (KOHA)
--
Holdings
Withdrawn status Lost status Source of classification or shelving scheme Damaged status Not for loan Home library Current library Shelving location Date acquired Source of acquisition Cost, normal purchase price Total Checkouts Full call number Barcode Date last seen Copy number Price effective from Koha item type Uniform Resource Identifier
    Dewey Decimal Classification     College Library College Library Filipiniana 08/09/2019 School Fund 995.00   657.838 M656a 2018 52110 07/08/2024 c1 07/08/2024 BK - FIL
    Dewey Decimal Classification     College Library College Library Filipiniana 06/22/2024 Donation 995.00   657.838 M656a 2018 54117 07/08/2024 c2 07/08/2024 BK - FIL